000 00386cam a2200157ua 4500
041 _aeng
_h
082 _a823.308
_bWEA/RE
100 _aWear, George F .
245 _aRed sea treasure /
_cGeorge F Wear.
_hTextual Documents
250 _a2 /
_b.
260 _aLondon :
_bOxford University Press ,
_c1965.
300 _a111 ; .
504 _a
942 _cBK
999 _c12879
_d12879